Countries that touch both Atlantic and Pacific Oceans - Statistics

General Stats
  • This quiz has been taken 60 times
  • The average score is 11 of 12
Answer Stats
Answer % Correct
Canada
98%
Mexico
98%
Panama
98%
United States
98%
Costa Rica
95%
Honduras
95%
Nicaragua
95%
Colombia
93%
Guatemala
91%
Argentina
89%
Chile
80%
Russia
71%
No matching quizzes found
Score Distribution
Percent of People with Each Score
Percentile by Number Answered
Your Score History
You have not taken this quiz